| 000 | 00831nam a2200193Ia 4500 | ||
|---|---|---|---|
| 008 | 130821s1913 ck gr spa | ||
| 040 |
_aCo-BoUCM _bspa |
||
| 041 | 0 | 0 | _aspa |
| 110 | 2 |
_aColombia. _bMinisterio de Relaciones Exteriores |
|
| 245 | 1 | 0 |
_aMemoria del Ministro de relaciones Exteriores al Congreso de 1913 _cMinisterio de Relaciones Exteriores, Francisco José Urrutia |
| 260 |
_aBogotá (Colombia) _bImprenta Nacional _c1913 |
||
| 300 | _a93 páginas | ||
| 651 | 7 |
_aColombia _bMinisterio de Relaciones Exteriores _vInformes _y1913 _926606 |
|
| 651 | 7 |
_aColombia _bRelaciones internacionales _y1913 _926606 |
|
| 651 | 7 |
_aColombia _xAdministración pública _vInformes _y1913 _926606 |
|
| 700 | 1 |
_aUrrutia, Francisco José _d1870-1950 |
|
| 942 |
_cLIBRO _a6 _e1 _mC718 _2DEWEY _h351.0006 |
||
| 999 |
_c62369 _d62369 |
||